The Walking Dead Characters Season 1-9 Quiz Stats

 Plays Quiz not verified by Sporcle

Score 0/201 Timer 10:00
0 Plays Today
Episodes Character % Correct
103Rick Grimes
98.8%
76Carl Grimes
97.9%
107Daryl Dixon
97%
90Carol Peletier
96.2%
66Glenn Rhee
96.2%
81Maggie Greene
95.6%
34Hershel Greene
92.1%
2Hershel Rhee
92%
38Beth Greene
91.7%
29Lori Grimes
91.4%
29Sgt. Abraham Ford
90.8%
31Andrea Harrison
90.3%
45Sasha Williams
90%
86Michonne
89.9%
64Rosita Espinosa
89.6%
31Negan
88.8%
34Morgan Jones
88.5%
56Tara Chambler
87.8%
20Shane Walsh
87.5%
56Dr. Eugene Porter
87%
23Tyreese Williams
86.3%
62Judith Grimes
84.4%
14Merle Dixon
82.4%
39Aaron
82.1%
20 Theodore 'T-Dog' Douglas
80.8%
19Dale Horvath
80.7%
19The Governor
80.4%
46Father Gabriel Stokes
79.5%
5Jim
79.2%
4Ed Peletier
78.7%
6Amy Harrison
78.3%
18Bob Stookey
77.8%
2Sgt. Bob Lamson
77.8%
22Dwight
77.2%
8Sophia Peletier
76.5%
5Dean
75.8%
15Spencer Monroe
74.8%
35Enid
74.5%
24Paul 'Jesus' Rovia
73.6%
14Simon
73.6%
12Deanna Monroe
72.9%
23Ezekiel
71.6%
17Eric Raleigh
71.5%
10Sam Anderson
70.7%
2Sam
70.7%
11Patricia
70.1%
3Otis
69.4%
11Jessie Anderson
69.2%
10Jimmy
68.6%
11Noah
67%
15Gregory
66.8%
6Morales
66.8%
6Jacqui
66.5%
5Reg Monroe
66.2%
8Axel
65.6%
1Duane Jones
65%
9Ron Anderson
64.9%
24Tobin
64.9%
5Gareth
64.6%
10Lizzie Samuels
64%
2Dr. Edwin Jenner
64%
10 Milton Mamet
63.8%
5Pete Anderson
63.8%
1Pete Dolgen
63.8%
7Mika Samuels
62.7%
2Aiden Monroe
62.4%
5Ben
62.3%
Episodes Character % Correct
11Olivia
61.5%
13Caesar Martinez
61.2%
6Alpha
60.8%
3Officer Dawn Lerner
59.7%
4Martin
59.3%
3Lilly Chambler
58.7%
28Jerry
58.2%
9Dr. Denise Cloyd
57%
7Oscar (Prison)
57%
15Anne 'Jadis'
55.8%
11Oscar (Hilltop)
55.7%
7Nicholas
55.2%
8Lydia
54.6%
4Beta
54.5%
2Tomas
54.4%
7Karen
54%
3Meghan Chambler
53.7%
5Heath
53.5%
1David Chambler
53.2%
4Joe
52.2%
3Mary
51.6%
3Andrew
50.5%
5Sherry
49.9%
2Big Tiny
49.5%
4Benjamin
48.7%
8Gavin
48.6%
2David (Prison)
47.6%
21Henry
47.2%
9 Shiva
47%
4Randall
46.9%
12Francine
46.5%
7Luke
46.4%
6Richard
46%
3Patrick
45.1%
12Shumpert
44.6%
22Scott
43.1%
11Arat
42.5%
2 Paula
42.4%
2Dave
42%
2Zach
41.9%
10Cyndie
41.2%
7Allen
40.7%
14Laura
40.3%
2Mitch Dolgen
40.1%
1Donna
39.4%
3Dr. Steven Edwards
39.4%
3Natania
39.2%
3Eliza Morales
38.9%
2Tony
38.7%
10Yumiko
38.4%
3Louis Morales
37.3%
17Siddiq
37.2%
11Jared
37.1%
1Molly (Savior)
36.8%
19Kal
36.7%
10Connie
35.8%
1Ken
35.6%
2Ozzy
35.4%
2Annie
35%
10Magna
34.4%
22Dianne
34.4%
3Miranda Morales
34.4%
8Rachel Ward
33.5%
1Eastman
33%
7Frankie
32.3%
3Molly (Prison)
32%
4Luke
32%
Episodes Character % Correct
4Dr. Caleb Subramanian
32%
11Bruce
31.7%
2Zombified Penny Blake
31.4%
3Justin
31.1%
2Alisha
30.9%
16Alden
30.7%
6Tammy Rose Sutton
30.2%
12Gary
30%
10Bertie
30%
3Fat Joey
29.9%
15Barbara
29.9%
3Dr. Emmett Carson
29.8%
16Eduardo
29.7%
9Beatrice
29.6%
1Alek
29.4%
6Dr.Harlan Carson
29%
10Daniel
28.7%
3Amber
27.9%
6Tanya
27.9%
8Kelly
27.8%
9Kent
27.8%
12Regina
27.3%
3Rodney
27.2%
1Michelle
26.7%
9Alvaro
26.5%
5Andy
26.4%
1Officer Gorman
26.4%
1Tina
26.1%
5Freddie
25.8%
10Kathy
25.8%
4Clara
25.5%
9Tamiel
24.4%
7Brion
24.2%
2Primo
23.7%
4Jed
23.6%
1Joan
23.5%
3 Haley
23.3%
3Officer Shepherd
23.2%
15Nabila
23%
5Alpha Wolf
22%
1Donnie
21.7%
3R.J Grimes
21.2%
13D.J.
21.2%
1Mara
20.8%
4Officer O'Donnell
20.5%
1Jocelyn
20.3%
2Officer Licari
19.4%
3Dr.Stevens
19.1%
5Adeline
18.5%
2Todd
18.1%
10Gracie
17.7%
6Earl Sutton
14.7%
4Gage
14.6%
2Isabelle
14.4%
1Georgie
12%
1Hilda
10.5%
3Gina
9.8%
7Norris
9.6%
3Nora
9.4%
1Dana
9.4%
5Jeanette
8.6%
4Potter
8.5%
5Marco
7.6%
1Midge
7.5%
5Kevin
4.6%
2Mel
4%
4Wesley
3.6%

You're not logged in!

Compare scores with friends on all Sporcle quizzes.
OR
Log In

Show Comments

Extras

Top Quizzes Today


Score Distribution

Your Account Isn't Verified!

In order to create a playlist on Sporcle, you need to verify the email address you used during registration. Go to your Sporcle Settings to finish the process.

Report this User

Report this user for behavior that violates our Community Guidelines.

Details: